000 00419nam a2200145 i 4500
001 bg
100 1 _aHAAKE, Rolf
245 0 _aEinführung in die Informations und Dokumentationstechnik unter besonderer Berücksichtigung der Lochkarten /
_cRolf Haake.
250 _a2 erweiterte Auflage.
260 _aLeipzig,
_c1969.
040 _cBPK
041 _apol
942 _cKS
008 s pl f |000 0 pol
999 _c13296
_d13296
856 _uhttp://koha.tu.koszalin.pl/cgi-bin/koha/opac-detail.pl?biblionumber=13296
_yKatalog online BPK